Challenges of the developing world (Record no. 28084)

MARC details
000 -LEADER
fixed length control field 00601nam a2200193Ia 4500
020 ## - INTERNATIONAL STANDARD BOOK NUMBER
ISBN 9781442256880
050 ## - CALL MARK
Classification number HC 59.7 .H36/
100 ## - STATEMENT OF RESPONSIBILITY--MAIN AUTHOR NAME
Personal name Handelman, Howard
245 #0 - TITLE STATEMENT
Title Challenges of the developing world
250 ## - EDITION / VOLUME STATEMENT
Edition / Volume statement 8th ed.
260 ## - PUBLICATION, DISTRIBUTION, ETC. (IMPRINT)
Place of publication New york
260 ## - PUBLICATION, DISTRIBUTION, ETC. (IMPRINT)
Name of publisher Rowman littlefield
260 ## - PUBLICATION, DISTRIBUTION, ETC. (IMPRINT)
Year of publication 2017
300 ## - PHYSICAL DESCRIPTION
Number of Pages 351 p
650 ## - SUBJECT ADDED ENTRY--TOPICAL TERM
Topical Term Economic development. Developing countries--Economic conditions. Developing countries--Economic policy. Developing countries--Politics and government.
942 ## - ADDED ENTRY ELEMENTS (KOHA)
Koha item type Books
Holdings
Withdrawn status Lost status Source of classification or shelving scheme Damaged status Not for loan Permanent Location Current Location Shelving location Date acquired Accession Number Price effective from Koha item type
    Library of Congress Classification     NILE UNIVERSITY OF NIGERIA - MAIN LIBRARY NILE UNIVERSITY OF NIGERIA - MAIN LIBRARY Items on shelf 04/23/2025 0186471 04/23/2025 Books